000 00447nam a2200169Ia 4500
008 230524s9999 xx 000 0 und d
020 _a8188458937
082 _a621.38231
_bgup
100 _aJ.B.Gupta
245 2 _aA Course in Electronics and Electrical Measurements & Instrumentation
250 _a12th
260 _aNEW DELHI
_bKataria
_c2003
300 _axiv;1352
500 _aQuantity Number: 22
650 _aElectronics
942 _cBK
999 _c8983
_d8983